| 000 | 00660nam a2200241Ia 4500 | ||
|---|---|---|---|
| 003 | GCL | ||
| 008 | 140319s9999 xx 000 0 eng d | ||
| 040 |
_aGCL / _cGCL |
||
| 082 | 0 | 4 |
_a962 _bU K |
| 100 | 1 | _aULM UNIVERSITAT | |
| 245 | 1 | 0 |
_aKULTURWOCHE UNIVERSITATEN KAIRO-ULM / _cULM UNIVERSITAT |
| 700 | 1 | _aPECHHOLD WOLFGANG | |
| 260 |
_aالمانيا : _bHUMBOLDT-STUDIENZENTRUM DER ، _c1994 |
||
| 300 |
_a73 P ؛ _c30 cm. |
||
| 650 | 0 | 4 | _aART |
| 650 | 0 | 4 | _aARABIC LITERATURE |
| 650 | 0 | 4 | _aCULTURE |
| 650 | 0 | 4 | _aART, EGYPTIAN |
| 650 | 0 | 4 | _aEGYPTIAN, GERMAN WEEK |
| 650 | 0 | 4 | _aUNIVERSITY OF ULM |
| 650 | 0 | 4 | _aMEDICINE - HISTORY |
| 942 |
_2ddc _cBK |
||
| 999 |
_c21416 _d21416 |
||